Mi monstruo y yo (Registro nro. 60600)

Detalles MARC
000 -CABECERA
Longitud fija campo de control 01210cam a22003252u 4500
003 - • IDENTIFICADOR DELl NÚMERO DE CONTROL
Identificador del número de control SpMaBN
005 - • FECHA Y HORA DE LA ÚLTIMA TRANSACCIÓN
Fecha y hora de la última transacción 20260225151828.0
007 - • CAMPO FIJO DE DESCRIPCIÓN FÍSICA
Campo fijo de descripción física cr |n ||||||||
008 - • CÓDIGOS DE INFORMACIÓN DE LONGITUD FIJA
Códigos de información de longitud fija 230427s2020 sp |||||o|||||||| ||spa d
020 ## - • NÚMERO INTERNACIONAL NORMALIZADO PARA LIBROS
Número Internacional Normalizado para Libros (ISBN) 9789584280442
040 ## - FUENTE DE LA CATALOGACIÓN
Centro catalogador de origen ES-BaLIB
Lengua de catalogación spa
Centro transcriptor SpMaBN
Centro modificado SpMaBN
Normas de descripción local
072 #7 - CÓDIGO DE CATEGORÍA DE MATERIA
Código de categoría de materia YFB
Fuente Thema
100 1# - • PUNTO DE ACCESO PRINCIPAL-NOMBRE DE PERSONA
Nombre de persona Toro, Valentina
245 10 - • TITULO PROPIAMENTE DICHO
Título Mi monstruo y yo
250 ## - • MENCIÓN DE EDICIÓN
Mención de edición 1a. edición
264 #1 - PRODUCCIÓN, PUBLICACIÓN , DISTRIBUCIÓN, FABRICACIÓN Y COPYRIGHT
Nombre del productor, editor, distribuidor, fabricante Planeta Junior Colombia,
Fecha de de producción, publicación, distribución, fabricación o copyright 2020
300 ## - • DESCRIPCIÓN FÍSICA
Extensión 1 recurso en línea
336 ## - TIPO DE CONTENIDO
Término de tipo de contenido Texto
Fuente rdacontent
Código de tipo de contenido txt
337 ## - TIPO DE MEDIO
Nombre del tipo de medio computadora
Fuente rdamedia
Código del tipo de medio n
338 ## - TIPO DE SOPORTE
Nombre del tipo de soporte recurso en línea
Fuente rdacarrier
Código del tipo de soporte nc
347 ## - CARACTERÍSTICAS DEL ARCHIVO DIGITAL
Tipo de archivo archivo de texto
Formato de codificación EPUB
Tama 17,04 Mbytes
500 ## - • NOTA GENERAL
Nota general Registro generado automáticamente a partir de metadatos facilitados por Libranda
650 ## - • PUNTO DE ACCESO ADICIONAL DE MATERIA - TÉRMINO DE MATERIA
Fuente del encabezamiento o término LEMB
653 ## - • TÉRMINO DE INDIZACIÓN - NO CONTROLADO
Término no controlado Ficción infantil / Ficción juvenil: general, moderna y contemporánea
856 40 - • LOCALIZACIÓN Y ACCESO ELECTRÓNICO
Identificador Uniforme del Recurso (URI) <a href="http://repositorio.dl-e.es/epub.vm?id=0000510402&view=global&lang=es">http://repositorio.dl-e.es/epub.vm?id=0000510402&view=global&lang=es</a>
Texto del enlace Acceso electrónico
Nota pública Acceso y/o uso restringido, disponible sólo desde la Biblioteca Nacional de España y los centros de conservación
901 ## - ELEMENTO A DATOS LOCALES, ADL (RLIN)
a Libranda 2021
-- Depósito legal electrónico
942 ## - ENTRADA DE ELEMENTOS AGREGADOS (KOHA)
Fuente de clasificaión o esquema Dewey Decimal Classification
Koha [por defecto] tipo de item LIbro
956 ## - LOCALIZACI&Oacute;N Y ACCESO ELECTR&Oacute;NICO LOCAL (OCLC)
Nombre de la fuente 1

No hay ítems disponibles.










Instituto Departamental de Cultura del Meta - Red Departamental de Bibliotecas Públicas del Meta.